000 00365cam a2200169ua 4500
001 9440
008 120120n1988 II |||gr||||Z||||||eng
040 _aMAIN
041 _aEnglish
082 _a510 LAH
100 _aLAHIRI, B. K.
245 _aREAL ANALYSIS
260 _aKOLKATA
_bTHE WORLD PRESS
_c1988
300 _a399.
653 _aMathematics
942 _cBK
999 _c9416
_d9416